01122nam a2200265Ia 4500003000900000008004100009020001800050040001600068080002300084111008400107245025100191260003700442300001600479490002600495650003300521650002600554650004100580650001900621700002700640700002800667710003700695942000700732999001700739952010000756IN-BaIIA211028s9999 xx 000 0 eng d a0-7923-1699-1 cIIA Library a082.2:52bIAU-S149 aSymposium of the International Astronomical UnioncBrazild1991 Aug. 5-9917651 4aThe stellar populations of galaxiesbproceedings of the 149th symposium of the International Astronomical Union, held in Angra Dos Reis, Brazil, August 5-9, 1991cedited by B. Barbuy and A. Renzini  aDordrechtbKluwer Academicc1992 axxii, 521p. aIAU Symposium; no 149 aActive Galactic Nuclei96209 aActive Galaxies91285 aAstronomy and Astrophysics Thesaurus aGalaxies91286 aBarbuy, B., ed.917652 aRenzini, A., ed.917653 aInternational Astronomical Union cBK c10384d10384 00104070aBANbBANcGENd1992-07-30l0o082.2:52/ IAU-S149p11294r2021-11-05w1992-07-30yBK